Chợ truyền thống ở miền Đông Nam Bộ từ bao cấp đến đổi mới và hội nhập (1975-2016) /
Wedi'i Gadw mewn:
| Prif Awdur: | |
|---|---|
| Fformat: | Erthygl |
| Iaith: | Vietnamese |
| Pynciau: | |
| Tagiau: |
Ychwanegu Tag
Dim Tagiau, Byddwch y cyntaf i dagio'r cofnod hwn!
|
| Thư viện lưu trữ: | Thư viện Trường Đại học Đà Lạt |
|---|
| LEADER | 00847nam a2200265 4500 | ||
|---|---|---|---|
| 001 | DLU190190983 | ||
| 005 | ##20190509 | ||
| 040 | # | # | |a DLU |b vie |
| 041 | # | # | |a vie |
| 044 | # | # | |a vn |
| 100 | # | # | |a Lê Quang Cần. |
| 245 | # | # | |a Chợ truyền thống ở miền Đông Nam Bộ từ bao cấp đến đổi mới và hội nhập (1975-2016) / |c Lê Quang Cần. |
| 653 | # | # | |a Đông Nam Bộ |
| 653 | # | # | |a Đổi mới |
| 653 | # | # | |a Bao cấp |
| 653 | # | # | |a Chợ truyền thống |
| 773 | # | # | |t Khoa học xã hội Thành phố Hồ Chí Minh |g Số 7(227), 2017, tr. 54-69 |
| 920 | # | # | |a Phòng Tạp chí -- Trung tâm Thông tin - Thư viện Trường Đại học Đà Lạt |
| 900 | # | # | |a True |
| 911 | # | # | |a Nguyễn Thị Thu Phương |
| 925 | # | # | |a G |
| 926 | # | # | |a A |
| 927 | # | # | |a BB |
| 980 | # | # | |a Thư viện Trường Đại học Đà Lạt |